Πόλεις που Ξεκινούν με Β στον Χάρτη - Statistics

General Stats
  • This quiz has been taken 25 times
  • The average score is 10 of 20
Answers on the Map
Answers color-coded by a green-red scale on the quiz's map according to % correct below.
 
Answer Stats
Πόλη % Correct
Βέρνη
94%
Βουκουρέστι
88%
Βελιγράδι
82%
Βερολίνο
82%
Βιέννη
82%
Βαρσοβία
76%
Βηρυτός
71%
Βίλνιους
71%
Βρυξέλλες
71%
Βαρκελώνη
65%
Βουδαπέστη
65%
Βανκούβερ
59%
Βαλένθια
41%
Βερακρούζ
18%
Βορονέζ
18%
Βρέμη
18%
Βαντοντάρα
12%
Βιεντάν
12%
Βόλγκογκραντ
12%
Βιζαχαπατνάμ
6%
No matching quizzes found
Score Distribution
Percent of People with Each Score
Percentile by Number Answered
Your Score History
You have not taken this quiz